| 000 | 00652nam a2200253 a 4500 | ||
|---|---|---|---|
| 001 | 0001-0978 | ||
| 003 | ELIB.Books | ||
| 008 | 140918 2010 eng | ||
| 020 | _aKBTS | ||
| 035 | _a(ELIB.Books)0001-1132 | ||
| 092 |
_a234.161 _bCul |
||
| 100 | _aCullmann, Oscar | ||
| 245 | _a Baptism in the New Testament | ||
| 260 |
_aLondon _bSCM Press _c1961 |
||
| 300 |
_a81 _c21.5 Cm |
||
| 500 | _aDr. Yahalaylayla | ||
| 650 | _aBaptism | ||
| 730 | _aBaptism in the New Testament | ||
| 856 |
_nKBTS; Library _uKBTS; Elib. |
||
| 942 |
_2ddc _cBK |
||
| 990 | _a2 | ||
| 998 |
_cbat _e2014-09-18 _mcat _u2019-05-29 |
||
| 999 |
_c10978 _d10978 |
||